00521nam a2200157Ia 450000500170000000800460001703700180006304000200008104100130010108400320011410000150014624501380016126000090029930000120030854600430032020250508161831.0008 250505s9999 xx 000 0 eng d aDissertations aFEDLbengcFEDL aeng2eng a379.115 416 6, RON/DIqFEDL aRongenga F 0aFinancing of education: Middle and primary stages of education in Mizoram union territory for the years 1971-72, 1972-73 and 1973-74" c1976 aii,92p. aM. Ed. Dissertation (Delhi University)